That's Not a Turkey! Quiz Stats

Quiz Updated Nov 18, 2014

Challenge
Share
Tweet
Embed
Score 0/16 Timer 04:00
1 Play Today
Turkey Not Turkey % Correct
The traditional Thanksgiving dinner includes turkey, but this bird is the most eaten in the United StatesChicken
96.2%
Benjamin Franklin did not propose the turkey for the US Seal, but he preferred it to this bird found on the SealBald Eagle
95.4%
A male turkey is called a gobbler or a tom, but the male of this species, also called a tom, is a far more common US petCat
88.1%
Turkey is in both Europe and Asia, so one would think it is very large. This other country in both continents is the world's largestRussia
85.9%
Despite what some believe, turkeys can fly, but this bird, the world's largest, cannotOstrich
85.9%
Some people say Turkey Day when referring to this HolidayThanksgiving
85.5%
No matter what, beef can't be turned into turkey, but dried, it can become this word that rhymes with turkeyJerky
85.1%
Three strikes in bowling is called a turkey and is good, but three strikes in baseball is called this undesirable outcome and is usually badStrikeout
85%
Turkey Not Turkey % Correct
A turkey trot is a running event unlike this vixen named trot, which is a danceFoxtrot
77.9%
Gobbler's Knob sounds like a place to find a turkey, but it is home to Punxsutawney Phil, this type of animalGroundhog
77%
The turkey has a wattle hanging from its neck, which should not be confused with this similar word for walking with a clumsy swaying gaitWaddle
76.1%
A lousy business may be called a turkey, but add one letter and you get this type of business that is ready for anyone to runTurnkey
71.2%
The American President generally pardons a turkey at Thanksgiving, and he pardons these at the end of his PresidencyPrisoners
66.3%
Many people add cranberry sauce to turkey and mint jelly to this type of meatLamb
64.4%
Although he sounds like a turkey, Herky, the mascot of the University of Iowa is this type of birdHawk
52.1%
Wild Turkey is one of the world's best selling bourbons, but this bourbon, named for a person and made by Fortune Brands, is the world's best sellingJim Beam
49.2%

You're not logged in!

Compare scores with friends on all Sporcle quizzes.
Join for Free
OR
Log In

You Might Also Like...

Show Comments

Extras

Top Quizzes Today


Score Distribution

Your Account Isn't Verified!

In order to create a playlist on Sporcle, you need to verify the email address you used during registration. Go to your Sporcle Settings to finish the process.

Report this User

Report this user for behavior that violates our Community Guidelines.

Details: